Reyes de Portugal - Estadísticas

Estadísticas generales
  • Esta prueba ha sido intentada 91 veces
  • La puntuación promedio es 30 de 39
Estadísticas de respuestas
Período Nombre del Rey/Reina % Correcto
1580-1598 Felipe I
97%
1595-1621 Felipe II
97%
1621-1640 Felipe III
97%
1385-1433 Juan I
95%
1477 Juan I
95%
1481-1495 Juan II
95%
1521-1557 Juan III
95%
1640-1656 Juan IV
95%
1706-1750 Juan V
95%
1816-1826 Juan VI
95%
1889-1908 Carlos I
89%
1139-1185 Alfonso I
80%
1211-1223 Alfonso II
80%
1248-1279 Alfonso III
80%
1325-1357 Alfonso IV
80%
1438-1477 Alfonso V
80%
1477-1481 Alfonso V
80%
1656-1683 Alfonso VI
80%
1357-1367 Pedro I
80%
1683-1706 Pedro II
80%
1777-1786 Pedro III
80%
1826-1826 Pedro IV
80%
1853-1861 Pedro V
80%
1861-1889 Luis I
78%
1367-1383 Fernando I
77%
1837-1853 Fernando II
77%
1578-1580 Enrique I
74%
1495-1521 Manuel I
74%
1908-1910 Manuel II
74%
1777-1816 María I
66%
1826-1828 María II
66%
1833-1853 María II
66%
1557-1578 Sebastián I
60%
1828-1834 Miguel I
57%
1750-1777 José I
52%
1185-1211 Sancho I
45%
1223-1248 Sancho II
45%
1433-1438 Eduardo I
43%
1279-1325 Dionisio I
40%
No se encontraron pruebas coincidentes
Distribución de puntuación
Porcentaje de gente con cada puntuación
Porcentaje por número respondido
Historial de tus puntuaciones
No has intentado esta prueba.